<?xml version="1.0" encoding="UTF-8"?>
<record
    xmlns:xsi="http://www.w3.org/2001/XMLSchema-instance"
    xsi:schemaLocation="http://www.loc.gov/MARC21/slim http://www.loc.gov/standards/marcxml/schema/MARC21slim.xsd"
    xmlns="http://www.loc.gov/MARC21/slim">

  <leader>00738nam a2200205   4500</leader>
  <controlfield tag="003">CO-ViMGA</controlfield>
  <controlfield tag="005">20230915224411.0</controlfield>
  <datafield tag="020" ind1=" " ind2=" ">
    <subfield code="a">9589769543</subfield>
  </datafield>
  <datafield tag="040" ind1=" " ind2=" ">
    <subfield code="a">CO-ViMGA</subfield>
    <subfield code="b">spa</subfield>
    <subfield code="c">CO-ViMGA</subfield>
  </datafield>
  <datafield tag="082" ind1=" " ind2=" ">
    <subfield code="a">362.2 </subfield>
    <subfield code="b">C65g</subfield>
  </datafield>
  <datafield tag="110" ind1=" " ind2=" ">
    <subfield code="a">Colombia.Ministerio de protecci&#xF3;n social</subfield>
    <subfield code="9">4199</subfield>
  </datafield>
  <datafield tag="245" ind1="1" ind2="0">
    <subfield code="a">Guia para la planeacion del componente de salud mental en los planes territoriales de salud</subfield>
    <subfield code="c">Ministerio de protecci&#xF3;n socia</subfield>
  </datafield>
  <datafield tag="260" ind1=" " ind2=" ">
    <subfield code="a">Bogot&#xE1;,D.C.:</subfield>
    <subfield code="b">Ministerio de Protecci&#xF3;n Social,</subfield>
    <subfield code="c">2005</subfield>
  </datafield>
  <datafield tag="300" ind1=" " ind2=" ">
    <subfield code="a">71p.</subfield>
    <subfield code="a">cuadros</subfield>
    <subfield code="b">20 cm.</subfield>
  </datafield>
  <datafield tag="500" ind1=" " ind2=" ">
    <subfield code="a">Incluye Indice</subfield>
  </datafield>
  <datafield tag="504" ind1=" " ind2=" ">
    <subfield code="a">Incluye Bibliografia</subfield>
  </datafield>
  <datafield tag="650" ind1="1" ind2="4">
    <subfield code="a">Salud p&#xFA;blica-- Gu&#xED;a</subfield>
    <subfield code="v">Salud mental--Gu&#xED;a</subfield>
    <subfield code="z">Colombia</subfield>
    <subfield code="9">4200</subfield>
  </datafield>
  <datafield tag="710" ind1=" " ind2=" ">
    <subfield code="a">Ministerio de Protecci&#xF3;n Social</subfield>
    <subfield code="9">4201</subfield>
  </datafield>
  <datafield tag="942" ind1=" " ind2=" ">
    <subfield code="2">ddc</subfield>
    <subfield code="c">BK</subfield>
  </datafield>
  <datafield tag="999" ind1=" " ind2=" ">
    <subfield code="c">11716</subfield>
    <subfield code="d">11716</subfield>
  </datafield>
</record>
